Hội chứng đau ruột : Chế độ ăn và lời khuyên giúp chế ngự triệu chứng bệnh
Guardado en:
| Autor principal: | |
|---|---|
| Formato: | Libro |
| Lenguaje: | Undetermined |
| Publicado: |
Hà Nội
Thanh niên
2004
|
| Materias: | |
| Etiquetas: |
Agregar Etiqueta
Sin Etiquetas, Sea el primero en etiquetar este registro!
|
| Thư viện lưu trữ: | Trung tâm Học liệu Trường Đại học Cần Thơ |
|---|
| LEADER | 00631nam a2200217Ia 4500 | ||
|---|---|---|---|
| 001 | CTU_95321 | ||
| 008 | 210402s9999 xx 000 0 und d | ||
| 020 | |c 22000 | ||
| 082 | |a 616.34 | ||
| 082 | |b B302 | ||
| 100 | |a Bích Hồng | ||
| 245 | 0 | |a Hội chứng đau ruột : | |
| 245 | 0 | |b Chế độ ăn và lời khuyên giúp chế ngự triệu chứng bệnh | |
| 245 | 0 | |c Bích Hồng | |
| 260 | |a Hà Nội | ||
| 260 | |b Thanh niên | ||
| 260 | |c 2004 | ||
| 650 | |a Intestines | ||
| 650 | |x Diseases | ||
| 904 | |i Nguyên | ||
| 980 | |a Trung tâm Học liệu Trường Đại học Cần Thơ | ||